Geography Quiz

Random Geography or State Quiz

'E' Less States That Create Crazy Headline Quiz Stats

 Plays Quiz not verified by Sporcle

Score 0/26 Timer 03:00
0 Plays Today
Order and Year State % Correct
50th State in 1959Hawaii
75.4%
7th State in 1788Maryland
68.4%
49th State in 1959Alaska
56.1%
17th State in 1803Ohio
50.9%
48th State in 1912Arizona
50.9%
10th State in 1788Virginia
38.6%
38th State in 1876Colorado
36.8%
22nd State in 1819Alabama
36.8%
8th State in 1788South Carolina
36.8%
20th State in 1817Mississippi
35.1%
27th State in 1845Florida
35.1%
46th State in 1907Oklahoma
35.1%
26th State in 1837Michigan
33.3%
Order and Year State % Correct
19th State in 1816Indiana
33.3%
12th State in 1789North Carolina
33.3%
43rd State in 1890Idaho
31.6%
40th State in 1889South Dakota
26.3%
18th State in 1812Louisiana
26.3%
21st State in 1818Illinois
24.6%
39th State in 1889North Dakota
24.6%
29th State in 1846Iowa
22.8%
44th State in 1890Wyoming
21.1%
34th State in 1861Kansas
21.1%
41st State in 1889Montana
19.3%
45th State in 1896Utah
10.5%
The first letters give us this tabloid headlineMoms vim foil a chainsaw mink!
3.5%

You're not logged in!

Compare scores with friends on all Sporcle quizzes.
OR
Log In

Show Comments

Extras

Top Quizzes Today


Score Distribution

Your Account Isn't Verified!

In order to create a playlist on Sporcle, you need to verify the email address you used during registration. Go to your Sporcle Settings to finish the process.

Report this User

Report this user for behavior that violates our Community Guidelines.

Details: